000 00658nam a2200241 i 4500
003 DO-SdBNP
005 20241007142258.0
007 ta
008 240407s2019 dr 000 p spa d
020 _a9781688402508
040 _aDO-SdBNP
_bspa
_cBNPHU
_erda
082 _bJ614n
_222
100 _985194
245 1 3 _aNaboria /
_cIsidro Jiménez Guillén
264 _aSanto Domingo :
_bÙltimos Monstruos Editores,
_c2019
300 _a91 páginas
_c21 cm.
336 _2rdacontent
_atexto
_btxt
337 _2rdamedia
_asin mediación
_bn
338 _2rdacarrier
_avolumen
_bnc
590 _aInventariado, 2024 / DG
910 _aDG
942 _2ddc
_cLBS1
999 _c57774
_d57774